00899nam a2200217 a 450000500170000000800410001702000180005805000220007610000200009824501030011825000120022126000370023330000230027052001290029365000300042265000290045265000370048165000260051899900190054495201180056320140412111251.0000823s19uu xx 00 eng d a0-14-056409-8 aM 398.2bB78 1993 aBruchac, Joseph aThe First strawberries :ba cherokee story /cretold by Joseph Bruchac ; pictures by Anna Vojtech. a1st Ed. aNew York :bPuffin Books,c1993. a1 v. (unp.) ; ill. aA quarrel between the first man and the first woman is reconciled when the Sun causes strawberries to grow out of the earth. aChrerokee Indians-Legends aCherokee Indians-Legends aIndians of North America-Legends aStrawberries-Folklore c103150d103150 001040aELbELcMd2000-08-23eDonationg299.00l0oM 398.2 B78 1993pE3928r2014-04-12 00:00:00w2014-04-12yBK